000 00490nam a22001937a 4500
003 NUST - PNEC
005 20170116180804.0
008 150421b xxu||||| |||| 00| 0 eng d
020 _a-
040 _cLIBRARY
082 _a302 SEC
100 _92826
_aSecord, Paul F.
245 _aSocial Psychology
_cPaul F. Secord
250 _a-
260 _aNew York
_bMcGraw-Hill Book Company
_cc1964.
300 _a659 p. :
_c21 cm.
650 _92829
_aPsychology
_xBS / MIS
942 _2ddc
_cBK
999 _c63117
_d63117